[Event "SVR-op 34th"]
[Site "Reil"]
[Date "2011.04.22"]
[Round "6"]
[White "Farsch, Bernd"]
[Black "Laubenstein, Johannes"]
[Result "1/2-1/2"]
[WhiteElo "1553"]
[BlackElo "1464"]
[PlyCount "53"]
[EventDate "2011.04.16"]
[EventType "swiss"]
[EventRounds "7"]
[EventCountry "GER"]
[SourceTitle "EXT 2013"]
[Source "ChessBase"]
[SourceDate "2012.11.22"]
[SourceVersion "1"]
[SourceVersionDate "2012.11.22"]
[SourceQuality "1"]

1. e4 d5 2. exd5 Qxd5 3. Nc3 Qa5 4. Bc4 Bf5 5. Nf3 Nf6 6. 0-0 e6 7. d3 c6 8. Nd4 Bg4 9. Qe1 Be7 10. h3 Bh5 11. Bd2 Qd8 12. Nde2 Nbd7 13. Nf4 Bg6 14. Qe2 Nb6 15. Bb3 Nbd5 16. Nxg6 hxg6 17. Rfe1 Qc7 18. Qe5 Bd6 19. Nxd5 cxd5 20. Qc3 0-0 21. Qd4 b5 22. a4 Bc5 23. Qf4 Bd6 24. Qf3 b4 25. Bg5 Nd7 26. Be3 Nc5 27. Bxc5 1/2-1/2